000 01214cad a22002535a 4500
001 L153336
008 110712e20110708xxkd f s 000 0 eng d
035 _a(Sirsi) u153336
041 0 _aeng
050 0 4 _a333.33 $2 18
110 2 _aRoyal Institution of Chartered Surveyors
_bEconomics
_95033
245 0 0 _aRICS global real estate weekly
_b8 July 2011
_h[electronic resource]
260 _aLondon
_bRICS
_c2011
490 0 _aRICS Global Real Estate Weekly
_v8 July 2011
520 _aSwedish house prices likely to fall further. Chinese economic slowdown expected. Canadian household debt continues to rise as corporate debt declines. Institutional investors can play a vital role in PPP infrastructure projects.
590 _aKA
650 2 4 _aRICS GLOBAL REAL ESTATE WEEKLY
651 4 _aInternational
690 _aPROPERTY-RESIDENTIAL PROPERTY-RESIDENTIAL PROPERTY MARKET
690 _aPROPERTY-RESIDENTIAL PROPERTY-RESIDENTIAL PROPERTY FINANCE AND INVESTMENT
690 _aPROPERTY-COMMERCIAL PROPERTY-COMMERCIAL PROPERTY FINANCE AND INVESTMENT
856 4 0 _uhttps://www.rics.org/site/download_feed.aspx?fileID=9940&fileExtension=PDF
_zView the report free of charge at www.rics.org
942 _n0
999 _c112473
_d112473